Pensee sociale, langage en usage et logiques autres (Record n. 66704)

Dettagli MARC
000 -LEADER
fixed length control field 01292nam a2200301Ia 4500
001 - CONTROL NUMBER
control field 18429
003 - CONTROL NUMBER IDENTIFIER
control field IT-RoPAU
008 - FIXED-LENGTH DATA ELEMENTS--GENERAL INFORMATION
fixed length control field 130308s9999 xx 000 0 und d
040 ## - CATALOGING SOURCE
Original cataloging agency IT-RoPAU
040 ## - CATALOGING SOURCE
Transcribing agency IT-RoPAU
041 ## - LANGUAGE CODE
Language code of text/sound track or separate title FRANCESE
999 ## - SYSTEM CONTROL NUMBERS (KOHA)
Koha Dewey Subclass [OBSOLETE] SI
100 ## - MAIN ENTRY--PERSONAL NAME
Personal name Windisch Uli
100 ## - MAIN ENTRY--PERSONAL NAME
Miscellaneous information Codice Aut. SPICS: 12999
245 ## - TITLE STATEMENT
Title Pensee sociale, langage en usage et logiques autres
245 ## - TITLE STATEMENT
Remainder of title Pensee Sociale, Langage En Usage et Logiques Autres
250 ## - EDITION STATEMENT
Edition statement 1a ed.
260 ## - PUBLICATION, DISTRIBUTION, ETC. (IMPRINT)
Place of publication, distribution, etc. LAUSANNE
260 ## - PUBLICATION, DISTRIBUTION, ETC. (IMPRINT)
Name of publisher, distributor, etc. L'Age D'Homme
260 ## - PUBLICATION, DISTRIBUTION, ETC. (IMPRINT)
Date of publication, distribution, etc. 1982 [1° Ed.:1982 - Ed.Ling.Originale:1982]
300 ## - PHYSICAL DESCRIPTION
Extent "128 p. (prefazione: no ; testo: 128)"
500 ## - GENERAL NOTE
General note Pensiero Sociale Lingua e Linguaggio in Uso Causalità nella Vita Quotidiana in Atto spiegazione causale pensiero e Linguaggio in Uso Psicologia Genetica e Sociologia del pensiero e del Linguaggio immagine del Soggetto e del Sociale Linguaggio in Uso e Teoria dell'Azione Logica Retorica e Studio del pensiero e del Linguaggio Logica Naturale e Logica Formale Psicologia Sociale e Studio del pensiero e del Linguaggio Verso una Teoria Generale delle Attività Umane Effettive Interazione Discorso Polemico
650 ## - SUBJECT ADDED ENTRY--TOPICAL TERM
Topical term or geographic name as entry element SOCIOLOGIA
650 ## - SUBJECT ADDED ENTRY--TOPICAL TERM
Relator term Codice materia Spics: 3651
942 ## - ADDED ENTRY ELEMENTS (KOHA)
Koha item type LIBRO
957 ## -
-- 1
999 ## - SYSTEM CONTROL NUMBERS (KOHA)
-- 1
Dati di copia
Withdrawn status Lost status Damaged status Not for loan Home library Current library Date acquired Total Checkouts Full call number Date last seen Price effective from Koha item type Public note
    Buone Condizioni Not For Loan SPICS-MEDIATECA SPICS-MEDIATECA 08/03/2013   18429 08/03/2013 08/03/2013 LIBRO Progressivo inserimento: 9364 / N. Volumi: 1 Copie: 1 Copia Rara: SI / data import: 1 marzo 2013 - By Epidotti, Trombetti, Vaglietti.
CREDITS: SOCIETA' SAN PAOLO Via A.Severo, 58 - ROMA (RM) & PERIODICI SAN PAOLO SRL Via Giotto, 36 MILANO & CISF Via Giotto, 36 MILANO & EDIZIONI SAN PAOLO SRL,  Piazza Soncino, 5 CINISELLO BALSAMO (MI) -- ITALY